[Event "Punta Arenas m"]
[Site "Punta Arenas"]
[Date "2016.02.10"]
[Round "4"]
[White "Hou, Yifan"]
[Black "Henriquez Villagra, Cristobal"]
[Result "1-0"]
[WhiteElo "2673"]
[BlackElo "2505"]
[Annotator "Sequera Paolini,J"]
[PlyCount "144"]
[EventDate "2016.02.05"]
[EventType "match"]
[EventRounds "4"]
[EventCountry "CHI"]
[SourceTitle "CBM 170 Extra"]
[Source "ChessBase"]
[SourceDate "2016.02.25"]
[SourceVersion "1"]
[SourceVersionDate "2016.02.25"]
[SourceQuality "1"]

{Finalmente la China GM Hou Yifan, número 1 del mundo entre las damas, ha
impuesto su favoritismo en el match trás vencer en esta partida, la cual ha
sido de mucha lucha. Veamos} 1. e4 c6 2. d4 d5 3. exd5 cxd5 4. c3 {Sólida
pero ambiciosa línea contra la defensa Carokann} Qc7 {evitando la sálida del
alfil blanco de casillas negras a "f4"} 5. Bd3 Nc6 {Insistiendo en la idea} 6.
Ne2 Bg4 {definitivamente no permite} 7. Na3 a6 8. Nc2 e6 9. Qd2 Nf6 10. Ng3 {
la pareja de alfiles negra desaparece} Bh5 ({Era mejor} 10... Bd6 11. h3 ({
es posible que las negras se hayan preocupado por la jugada} 11. Qg5 {pero
luego de} h6 {no es posible} 12. Qxg7 $4 {por} Ke7 $19) 11... Bh5 12. Nxh5 Nxh5
{llegando a algo parecido a la partida pero con el alfil ya en "d6"}) 11. Nxh5
Nxh5 12. g3 Nf6 13. Qe2 Bd6 14. Bd2 h6 15. f4 Ne7 {Las negras comienzan a
tejer una estructura bien sólida en el flanco de rey con caballos y peones}
16. O-O-O g6 17. Rhf1 {preparando g4} h5 18. Ne1 {Las blancas apuestan casi
todo al maravilloso control de "e5"} Nf5 19. Nf3 O-O-O $6 {Diagrama [#] El rey
negro busca refugio donde tiene pocas piezas} ({Era mejor iniciar con} 19... b5
{y llevar el rey a "g7". El alfil blanco de casillas negras se encuentra
totalmente bloqueado y no podrá colaborar}) 20. Kb1 Kb8 21. Rc1 {Las blancas
ahora mezclarán la fuerza del control de "e5" con maniobras en la columna "c"}
Qb6 22. Ne5 Rhf8 23. Be1 Bc7 24. Rf3 Nd6 25. c4 $3 {Diagrama [#] gran jugada
que necesita de un claro análisis y mucho criterio de evaluación} dxc4 26.
Bxc4 Nxc4 {[%emt 0:00:25] Diagrama [#] momento clave que debió ser calculado
con precisión en el momento que las blancas efectuaron su jugada Diagrama [#]
momento clave que debió ser calculado con precisión en el momento que las
blancas efectuaron su jugada} ({Por ejemplo si} 26... Qxd4 27. Rb3 {Diagrama 
[#] Esta simple jugada pone al desnudo todos los problemas del rey negro.
Súbitamente todas las piezas blancas operan en bárbara armonía} Qe4+ (27...
Ka8 28. Bxa6 $18) (27... Kc8 28. Bxa6 $18) 28. Qxe4 Nfxe4 29. Bxa6 $18 {
dándose el lujo de no dar el jaque en "c6" todavía}) (26... Nf5 27. Bf2 Nxd4
28. Bxd4 Qxd4 (28... Rxd4 29. Rb3 Re4 (29... Qd6 30. Bxa6 {con gran fuerza})
30. Qxe4 Nxe4 31. Rxb6 $18) 29. Rd3 Qe4 ({La belleza obliga a mencionar la
línea} 29... Qa7 30. Rxd8+ Bxd8 31. Bxe6 $3 {Diagrama [#] Brillante, Excelso,
Genial, Preciso, Hermoso} fxe6 32. Nxg6 Rf7 33. Qxe6 Rd7 34. Qe5+ Rc7 35. Qd6
$3 {Diagrama [#] Otra vez gran precisión} Nd7 (35... Kc8 36. Ne7+ Kb8 37.
Qxd8+ {y mate}) 36. Ne5 $1 $18) 30. Qxe4 Nxe4 31. Nd7+ $16) 27. Rb3 $1 Qxb3 {
A partir de aquí empieza la FEROZ resistencia de Henríquez que casi consigue
empatar, veamos:} ({La opción} 27... Qd6 {es simplementa contestada con} 28.
Rxc4 {con total ventaja china}) 28. axb3 Nxe5 29. Rxc7 ({Era mejor la natural} 
29. dxe5 Nd5 30. b4 {con mejores perspectivas de hacer valer la dama en el
tablero}) 29... Nd5 30. Rc5 Nd7 $6 (30... Nc6 {Era más sólido}) 31. Rc4 $2 ({
Las blancas dejan pasar} 31. Rxd5 $3 {Diagrama [#]} exd5 32. Qe7 {y las
casillas negras se vuelven agua}) 31... Rc8 32. Qf3 N5b6 33. Rc3 Nf6 34. Bd2
Nbd5 35. Rc4 Rfd8 36. Qe2 Nd7 {Las negras crean una roca defensiva} 37. h3 b5
38. Rxc8+ Rxc8 39. Qf3 Rh8 40. Qf1 Kb7 41. Qe1 Nb8 42. Qe5 Rd8 {Muy meritorio
el esfuerzo del joven chileno, ha creado una posición bien difícil de batir}
43. f5 {Las blancas echan el resto!} exf5 $1 (43... gxf5 $2 44. Qg7 Rd7 45. Qh8
{y el tema del peón "h" libre decide}) 44. Bg5 Nc6 45. Qg7 Rd7 46. Qh8 Nc7 47.
Bf6 Nd5 48. Bg5 Kc7 $2 {incomprensible invento cuando ya no se ve ninguna
forma de prosperar con blancas contra la natural} (48... Nc7 $11) 49. Qe8 {
Ahora salen a relucir dificultades hasta de mover alguna pieza} f6 {obligado,
las negras comienzan a crear debilidades en su propio ejército} 50. Bd2 g5 51.
Qxh5 Nxd4 52. Ba5+ ({Lo más correcto era} 52. Qd1 $1 Nc6 53. Qf1 {explotando
las debilidades}) 52... Kd6 53. Qe8 Nc6 $2 ({Con la jugada} 53... Nxb3 $1 {
Diagrama [#] las negras mantienen todo defendido pero al mismo tiempo crean
contrajuego que impide que las blancas se acuerden de su peón h libre} 54.
Qf8+ Ke6 55. Be1 Rc7 $11) 54. Qf8+ Ke6 55. Bd2 Nde7 $2 (55... Rd8 56. Qc5 Ne5 {
preparándose para avanzar el peón "f"}) 56. Bc3 Nd5 57. Qc8 {Diagrama [#]
empieza la recolección} Kd6 58. Qxa6 Rh7 59. Qxb5 Rxh3 60. b4 Nce7 61. Qc5+
Ke6 62. b5 {el peón b decide} Rh8 63. Bd4 f4 64. gxf4 gxf4 65. b6 Rb8 66. Qb5
f3 67. Bf2 Nc8 68. Qc6+ Nd6 69. Bc5 Rd8 70. b7 f2 71. Bxf2 Nb4 72. Qb6 Kd5 1-0

[Event "Norway Chess Qualifier"]
[Site "Fagernes"]
[Date "2016.03.23"]
[Round "1"]
[White "Tari, Aryan"]
[Black "Hou, Yifan"]
[Result "1/2-1/2"]
[WhiteElo "2553"]
[BlackElo "2667"]
[PlyCount "107"]
[EventDate "2016.03.23"]
[EventType "tourn"]
[EventRounds "6"]
[EventCountry "NOR"]
[EventCategory "16"]
[SourceTitle "CBM 172"]
[Source "ChessBase"]
[SourceDate "2016.05.12"]
[SourceVersion "1"]
[SourceVersionDate "2016.05.12"]
[SourceQuality "1"]

1. d4 Nf6 2. Nf3 d5 3. c4 e6 4. Nc3 Be7 5. Bf4 O-O 6. e3 Nbd7 7. Be2 dxc4 8.
O-O c5 9. dxc5 Nxc5 10. Bxc4 Qxd1 11. Rfxd1 b6 12. Bd6 Bxd6 13. Rxd6 Bb7 14.
Rad1 Bxf3 15. gxf3 Nb7 16. R6d2 Rfd8 17. Kf1 Kf8 18. Ke2 Ke7 19. Nb5 Rdc8 20.
Bd3 a6 21. Be4 Nxe4 22. fxe4 axb5 23. Rd7+ Kf6 24. Rxb7 Rxa2 25. Rd2 Rc4 26.
e5+ Kg6 27. Rdd7 Rxb2+ 28. Kf1 Rb1+ 29. Kg2 Rg4+ 30. Kf3 Rg5 31. Rxf7 Rf5+ 32.
Rxf5 Kxf5 33. Rxg7 Kxe5 34. Rb7 b4 35. Rxb6 Kd5 36. e4+ Ke5 37. Ke3 Rb3+ 38.
Kd2 h5 39. h4 Kxe4 40. Rxe6+ Kf5 41. Rc6 Rf3 42. Rc4 Rf4 43. Rc5+ Kg4 44. Ke3
Rf3+ 45. Ke2 Rf5 46. Rc4+ Rf4 47. f3+ Kg3 48. Rc5 Rxh4 49. Rb5 Kg2 50. Rg5+ Kh1
51. Kf2 b3 52. Rg1+ Kh2 53. Rg2+ Kh3 54. Rg3+ 1/2-1/2

[Event "Norway Chess Qualifier"]
[Site "Fagernes"]
[Date "2016.03.24"]
[Round "2"]
[White "Hou, Yifan"]
[Black "Grandelius, Nils"]
[Result "1/2-1/2"]
[WhiteElo "2667"]
[BlackElo "2646"]
[PlyCount "105"]
[EventDate "2016.03.23"]
[EventType "tourn"]
[EventRounds "6"]
[EventCountry "NOR"]
[EventCategory "16"]
[SourceTitle "CBM 172"]
[Source "ChessBase"]
[SourceDate "2016.05.12"]
[SourceVersion "1"]
[SourceVersionDate "2016.05.12"]
[SourceQuality "1"]

1. e4 e5 2. Nf3 Nc6 3. Bb5 a6 4. Ba4 Nf6 5. O-O Be7 6. Re1 b5 7. Bb3 d6 8. c3
O-O 9. h3 Na5 10. Bc2 c5 11. d4 Qc7 12. d5 Bd7 13. b3 Nb7 14. c4 b4 15. Nbd2 g6
16. Nf1 Nh5 17. Bh6 Ng7 18. g4 f6 19. a3 a5 20. Ng3 Rab8 21. Ra2 Nd8 22. Bd2
Nf7 23. Qa1 Qc8 24. axb4 axb4 25. Ra7 Bd8 26. Qa6 Bb6 27. Qxc8 Bxc8 28. Ra2 Bb7
29. g5 Ra8 30. Rea1 Rxa2 31. Rxa2 Ra8 32. Rxa8+ Bxa8 33. gxf6 Ne8 34. Ng5 Bd8
35. f4 Bxf6 36. Nxf7 Kxf7 37. Bd1 Bb7 38. Ne2 Bc8 39. Kg2 exf4 40. Bxf4 Be5 41.
Bxe5 dxe5 42. Nc1 Ke7 43. Nd3 Kd6 44. Bg4 Bxg4 45. hxg4 Nf6 46. Kf3 g5 47. Nf2
Nd7 48. Nh3 h6 49. Ng1 Ke7 50. Ne2 Kf6 51. Ng3 Kg6 52. Nf5 Kh7 53. Ke3 1/2-1/2

[Event "Norway Chess Qualifier"]
[Site "Fagernes"]
[Date "2016.03.25"]
[Round "3"]
[White "Hammer, Jon Ludvig"]
[Black "Hou, Yifan"]
[Result "1-0"]
[WhiteElo "2701"]
[BlackElo "2667"]
[PlyCount "85"]
[EventDate "2016.03.23"]
[EventType "tourn"]
[EventRounds "6"]
[EventCountry "NOR"]
[EventCategory "16"]
[SourceTitle "CBM 172"]
[Source "ChessBase"]
[SourceDate "2016.05.12"]
[SourceVersion "1"]
[SourceVersionDate "2016.05.12"]
[SourceQuality "1"]

1. d4 Nf6 2. c4 e6 3. Nf3 c5 4. d5 exd5 5. cxd5 d6 6. Nc3 g6 7. Nd2 Bg7 8. e4
O-O 9. Be2 Re8 10. O-O Nbd7 11. h3 a6 12. a4 Rb8 13. a5 b5 14. axb6 Nxb6 15.
Bd3 g5 16. f4 gxf4 17. Rxf4 Nbd7 18. Nc4 Ne5 19. Nxe5 Rxe5 20. Rf3 Nd7 21. Rg3
Nf8 22. Bxa6 Ng6 23. Bxc8 Qxc8 24. Ra7 Rb7 25. Rxb7 Qxb7 26. Rf3 Re8 27. Rf1
Ne5 28. Qh5 Ng6 29. Qf5 Re5 30. Qf3 h6 31. Ne2 Qd7 32. Ng3 Nh4 33. Qd3 Qb7 34.
Qe2 Qd7 35. Bf4 Re8 36. Qh5 Ng6 37. Bxh6 Bxb2 38. Bg5 Bd4+ 39. Kh1 Qb5 40. Rxf7
Kxf7 41. Qh7+ Bg7 42. Nf5 Qf1+ 43. Kh2 1-0

[Event "Norway Chess Qualifier"]
[Site "Fagernes"]
[Date "2016.03.26"]
[Round "4"]
[White "Hou, Yifan"]
[Black "Tari, Aryan"]
[Result "1-0"]
[WhiteElo "2667"]
[BlackElo "2553"]
[PlyCount "120"]
[EventDate "2016.03.23"]
[EventType "tourn"]
[EventRounds "6"]
[EventCountry "NOR"]
[EventCategory "16"]
[SourceTitle "CBM 172"]
[Source "ChessBase"]
[SourceDate "2016.05.12"]
[SourceVersion "1"]
[SourceVersionDate "2016.05.12"]
[SourceQuality "1"]

1. Nf3 Nf6 2. c4 c5 3. Nc3 d5 4. cxd5 Nxd5 5. e4 Nb4 6. Bc4 Nd3+ 7. Ke2 Nf4+ 8.
Kf1 Nd3 9. Qe2 Nxc1 10. Rxc1 e6 11. h4 a6 12. e5 Nc6 13. Bd3 Bd7 14. Rh3 Rc8
15. Re1 b5 16. Ng5 Nd4 17. Qg4 h6 18. Qh5 hxg5 19. Qxh8 Bc6 20. Bb1 Kd7 21. Qh5
g6 22. Qxg5 Qxg5 23. hxg5 Be7 24. Rh7 Rf8 25. Ne2 Nxe2 26. Rxe2 Bd5 27. f4 Bc4
28. d3 Bd5 29. Re3 a5 30. Reh3 a4 31. Rg7 Ke8 32. Rhh7 Bd8 33. d4 cxd4 34. Rxf7
Bc4+ 35. Ke1 d3 36. Rxf8+ Kxf8 37. Kd1 Bb6 38. Rh3 b4 39. a3 Bd4 40. Bxd3 Bd5
41. Kc2 bxa3 42. bxa3 Bxg2 43. Rh8+ Kg7 44. Rh6 Bd5 45. Rxg6+ Kf7 46. Rh6 Be3
47. Rh4 Bc5 48. Kb2 Bd4+ 49. Kb1 Bc5 50. Bc2 Bxa3 51. Bxa4 Bc5 52. Bc2 Be3 53.
Bd3 Kg8 54. Kc2 Bf2 55. Rh6 Be3 56. Rf6 Bc5 57. Kd2 Bb4+ 58. Ke2 Bf8 59. Rxf8+
Kxf8 60. Ke3 Bc4 1-0

[Event "Norway Chess Qualifier"]
[Site "Fagernes"]
[Date "2016.03.26"]
[Round "5"]
[White "Grandelius, Nils"]
[Black "Hou, Yifan"]
[Result "1-0"]
[WhiteElo "2646"]
[BlackElo "2667"]
[PlyCount "103"]
[EventDate "2016.03.23"]
[EventType "tourn"]
[EventRounds "6"]
[EventCountry "NOR"]
[EventCategory "16"]
[SourceTitle "CBM 172"]
[Source "ChessBase"]
[SourceDate "2016.05.12"]
[SourceVersion "1"]
[SourceVersionDate "2016.05.12"]
[SourceQuality "1"]

1. c4 c5 2. Nf3 Nc6 3. Nc3 Nf6 4. g3 d5 5. d4 e6 6. cxd5 Nxd5 7. Bg2 cxd4 8.
Nxd4 Nxc3 9. bxc3 Nxd4 10. Qxd4 Qxd4 11. cxd4 Bd6 12. e4 Rb8 13. e5 Be7 14. Be3
b6 15. Rc1 Kd8 16. f4 Bb7 17. Bxb7 Rxb7 18. Ke2 Kd7 19. Kd3 Rc8 20. Rxc8 Kxc8
21. Rc1+ Kd8 22. g4 Rd7 23. f5 Rd5 24. fxe6 fxe6 25. Rf1 Ke8 26. Rc1 h6 27.
Rc8+ Bd8 28. Bd2 Kd7 29. Ra8 a5 30. a4 Kc6 31. Rc8+ Kb7 32. Rc1 b5 33. axb5
Rxb5 34. Rf1 Kc6 35. Rf7 Rb7 36. Rf8 Rd7 37. Ke4 a4 38. Bb4 Be7 39. Bxe7 Rxe7
40. Ra8 Kb5 41. d5 exd5+ 42. Kxd5 Rd7+ 43. Ke6 Rd2 44. Kf7 Rxh2 45. e6 Re2 46.
e7 g6 47. e8=Q+ Rxe8 48. Rxe8 h5 49. g5 h4 50. Kxg6 h3 51. Re1 a3 52. Kf5 1-0

[Event "Hancheng Silk Road rapid 1st"]
[Site "Hancheng"]
[Date "2016.07.19"]
[Round "1"]
[White "Hou, Yifan"]
[Black "Ushenina, Anna"]
[Result "1-0"]
[WhiteElo "2653"]
[BlackElo "2458"]
[PlyCount "127"]
[EventDate "2016.07.19"]
[EventType "tourn (rapid)"]
[EventRounds "10"]
[EventCountry "CHN"]
[EventCategory "12"]
[SourceTitle "CBM 173 Extra"]
[Source "ChessBase"]
[SourceDate "2016.08.29"]
[SourceVersion "1"]
[SourceVersionDate "2016.08.29"]
[SourceQuality "1"]

1. c4 e5 2. Nc3 Nf6 3. g3 d5 4. cxd5 Nxd5 5. Bg2 Nb6 6. Nf3 Nc6 7. Rb1 Be7 8.
b4 f6 9. b5 Nd4 10. d3 Nxf3+ 11. Bxf3 O-O 12. a4 a5 13. O-O Kh8 14. Be3 f5 15.
Qc2 Rb8 16. Rfc1 Ba3 17. Rd1 Bd6 18. Na2 Qe7 19. Rdc1 Be6 20. Nc3 Qf7 21. Bd2
Ba3 22. Re1 Bb4 23. Bg2 h6 24. Kh1 Rfd8 25. Rec1 Ba3 26. Rd1 Bb4 27. Rdc1 Ba3
28. Rf1 Bb4 29. Qc1 Qe7 30. Kg1 Qf7 31. Ra1 Nd7 32. Nb1 Nc5 33. Bxb4 Nb3 34.
Qb2 axb4 35. Ra2 Nd4 36. Ra1 Nb3 37. Ra2 Nd2 38. Nxd2 Bxa2 39. Qxb4 Bd5 40. e4
Be6 41. Nf3 Qf6 42. Qc3 Ra8 43. a5 fxe4 44. dxe4 c6 45. bxc6 bxc6 46. Nxe5 Bc4
47. Rc1 Bb5 48. h4 Ra6 49. h5 Rda8 50. Ng6+ Kg8 51. e5 Qg5 52. Qb3+ Kh7 53. f4
Qxh5 54. Be4 Rxa5 55. Qf7 Ra1 56. Nh4+ Kh8 57. Qxh5 Rxc1+ 58. Kh2 Ra2+ 59. Ng2
Bc4 60. Qg6 Bg8 61. e6 Raa1 62. Nh4 Ra2+ 63. Kh3 Re1 64. e7 1-0

[Event "Hancheng Silk Road rapid 1st"]
[Site "Hancheng"]
[Date "2016.07.19"]
[Round "2"]
[White "Hou, Yifan"]
[Black "Koneru, Humpy"]
[Result "1-0"]
[WhiteElo "2653"]
[BlackElo "2575"]
[PlyCount "97"]
[EventDate "2016.07.19"]
[EventType "tourn (rapid)"]
[EventRounds "10"]
[EventCountry "CHN"]
[EventCategory "12"]
[SourceTitle "CBM 173 Extra"]
[Source "ChessBase"]
[SourceDate "2016.08.29"]
[SourceVersion "1"]
[SourceVersionDate "2016.08.29"]
[SourceQuality "1"]

1. e4 e6 2. d4 d5 3. Nc3 Nf6 4. e5 Nfd7 5. f4 c5 6. Nce2 Nc6 7. c3 Qb6 8. Nf3
Be7 9. g3 O-O 10. Bh3 cxd4 11. cxd4 f6 12. Rf1 Bb4+ 13. Bd2 Kh8 14. Bxb4 Qxb4+
15. Qd2 Nb6 16. b3 Bd7 17. Qxb4 Nxb4 18. Kd2 a5 19. a3 Nc6 20. a4 Rac8 21. Rac1
f5 22. g4 g6 23. gxf5 gxf5 24. Rg1 Nb4 25. Nc3 Rg8 26. Rg3 Na8 27. Ng5 Rcf8 28.
Rcg1 h6 29. Bf1 hxg5 30. Rh3+ Kg7 31. Rxg5+ Kf7 32. Rh7+ Ke8 33. Nb5 Kd8 34.
Nd6 Kc7 35. h4 Rh8 36. Rgg7 Rxh7 37. Rxh7 Nc6 38. h5 Rg8 39. h6 Rg1 40. Bb5 Rh1
41. Nf7 Nxd4 42. Bxd7 Kxd7 43. Rg7 Nxb3+ 44. Kc2 Nc5 45. h7 Rh2+ 46. Kd1 Rh1+
47. Ke2 Rh2+ 48. Kf3 Nb6 49. Nh6+ 1-0

[Event "Hancheng Silk Road rapid 1st"]
[Site "Hancheng"]
[Date "2016.07.19"]
[Round "3"]
[White "Stefanova, Antoaneta"]
[Black "Hou, Yifan"]
[Result "0-1"]
[WhiteElo "2512"]
[BlackElo "2653"]
[PlyCount "74"]
[EventDate "2016.07.19"]
[EventType "tourn (rapid)"]
[EventRounds "10"]
[EventCountry "CHN"]
[EventCategory "12"]
[SourceTitle "CBM 173 Extra"]
[Source "ChessBase"]
[SourceDate "2016.08.29"]
[SourceVersion "1"]
[SourceVersionDate "2016.08.29"]
[SourceQuality "1"]

1. d4 e6 2. Nf3 Nf6 3. Bg5 h6 4. Bh4 b6 5. Nbd2 Bb7 6. e3 Be7 7. Bd3 g5 8. Bg3
g4 9. Nh4 Rg8 10. h3 Nh5 11. hxg4 Nxg3 12. fxg3 Bd6 13. Nf1 Nc6 14. Be2 Qg5 15.
Qd2 f5 16. gxf5 Bxg3+ 17. Nxg3 Qxg3+ 18. Kd1 O-O-O 19. Bf3 Qg5 20. fxe6 dxe6
21. Kc1 Kb8 22. c3 e5 23. d5 e4 24. Bxe4 Rge8 25. Nf3 Qg8 26. Rh4 Na5 27. Nd4
Bxd5 28. Bxd5 Rxd5 29. b4 Nc4 30. Qe2 Rxe3 31. Qxc4 Qxg2 32. Rh1 Qxh1+ 33. Kb2
Qg2+ 34. Kb3 Rd6 35. Rd1 Kb7 36. b5 Qd5 37. Rg1 Qxd4 0-1

[Event "Hancheng Silk Road rapid 1st"]
[Site "Hancheng"]
[Date "2016.07.20"]
[Round "4"]
[White "Hou, Yifan"]
[Black "Muzychuk, Mariya"]
[Result "1-0"]
[WhiteElo "2653"]
[BlackElo "2545"]
[PlyCount "53"]
[EventDate "2016.07.19"]
[EventType "tourn (rapid)"]
[EventRounds "10"]
[EventCountry "CHN"]
[EventCategory "12"]
[SourceTitle "CBM 173 Extra"]
[Source "ChessBase"]
[SourceDate "2016.08.29"]
[SourceVersion "1"]
[SourceVersionDate "2016.08.29"]
[SourceQuality "1"]

1. e4 e5 2. Bc4 Nf6 3. d3 c6 4. Nf3 d5 5. Bb3 Bd6 6. exd5 cxd5 7. O-O O-O 8.
Bg5 e4 9. dxe4 dxe4 10. Nfd2 Bf5 11. Nc3 Be5 12. Nc4 Bxc3 13. bxc3 Nbd7 14. Ne3
Bg6 15. Nd5 Rc8 16. Qd4 Qe8 17. Bxf6 Nxf6 18. Nxf6+ gxf6 19. Qxf6 Qd8 20. Qd4
Qa5 21. Rae1 Rxc3 22. Re3 Rcc8 23. Rg3 Rfe8 24. Qd7 Kh8 25. Bxf7 Red8 26. Qe7
Rc6 27. Be6 1-0

[Event "Hancheng Silk Road rapid 1st"]
[Site "Hancheng"]
[Date "2016.07.20"]
[Round "5"]
[White "Gunina, Valentina"]
[Black "Hou, Yifan"]
[Result "1-0"]
[WhiteElo "2520"]
[BlackElo "2653"]
[PlyCount "127"]
[EventDate "2016.07.19"]
[EventType "tourn (rapid)"]
[EventRounds "10"]
[EventCountry "CHN"]
[EventCategory "12"]
[SourceTitle "CBM 173 Extra"]
[Source "ChessBase"]
[SourceDate "2016.08.29"]
[SourceVersion "1"]
[SourceVersionDate "2016.08.29"]
[SourceQuality "1"]

1. d4 e6 2. c4 Nf6 3. Nf3 d5 4. Nc3 Bb4 5. Bg5 h6 6. Bxf6 Qxf6 7. e3 O-O 8. Rc1
dxc4 9. Bxc4 c5 10. O-O cxd4 11. Ne4 Qe7 12. a3 Ba5 13. Qxd4 Bd7 14. Qe5 Bc6
15. Ng3 Bxf3 16. Qxa5 Bc6 17. Bd3 Rd8 18. Rfd1 Nd7 19. Be4 Bxe4 20. Nxe4 Nf6
21. Nxf6+ Qxf6 22. Rxd8+ Rxd8 23. h3 a6 24. Qb4 b5 25. Kf1 Qf5 26. Kg1 Qe5 27.
Qe7 Qd6 28. Qxd6 Rxd6 29. Rc8+ Kh7 30. Rc2 Rd1+ 31. Kh2 Rb1 32. Kg3 Kg6 33. Kf4
Kf6 34. Ke4 h5 35. Kd4 Rd1+ 36. Kc5 Rd5+ 37. Kb6 Rd6+ 38. Kb7 h4 39. b4 g5 40.
f3 Kf5 41. Rc5+ e5 42. Rc2 f6 43. Ra2 e4 44. a4 bxa4 45. Rxa4 exf3 46. gxf3 Rd3
47. Ra5+ Kg6 48. Kxa6 Rxe3 49. b5 Kf5 50. Ra4 Rxf3 51. b6 Re3 52. b7 Re8 53.
Rc4 Rb8 54. Ka7 Re8 55. b8=Q Rxb8 56. Kxb8 Ke5 57. Kc7 f5 58. Kd7 f4 59. Rc5+
Ke4 60. Ke6 g4 61. hxg4 h3 62. g5 h2 63. Rc1 Kf3 64. g6 1-0

[Event "Shijiazhuang op 2nd"]
[Site "Shijiazhuang"]
[Date "2016.08.09"]
[Round "1"]
[White "Hou, Yifan B"]
[Black "Li, Bo"]
[Result "0-1"]
[WhiteElo "1646"]
[BlackElo "2358"]
[PlyCount "128"]
[EventDate "2016.08.09"]
[EventType "swiss"]
[EventRounds "9"]
[EventCountry "CHN"]
[SourceTitle "CBM 173 Extra"]
[Source "ChessBase"]
[SourceDate "2016.08.29"]
[SourceVersion "1"]
[SourceVersionDate "2016.08.29"]
[SourceQuality "1"]

1. d4 Nf6 2. Nf3 g6 3. c4 Bg7 4. g3 O-O 5. Bg2 c6 6. O-O d5 7. cxd5 cxd5 8. Nc3
Nc6 9. Ne5 Bf5 10. Bg5 Nxe5 11. dxe5 Ne4 12. Nxe4 Bxe4 13. Bxe4 dxe4 14. Qb3
Qd4 15. e6 Qxb2 16. Qxb2 Bxb2 17. Rab1 Bf6 18. Bh6 Rfb8 19. Bf4 Rc8 20. exf7+
Kxf7 21. Rxb7 Rc2 22. a3 Rxe2 23. Rb4 a5 24. Rc4 a4 25. Rd1 Ra2 26. Bc1 Ra1 27.
Rf1 Rb8 28. Bf4 Rxf1+ 29. Kxf1 Ra8 30. Rxe4 Ra6 31. Rb4 Ke6 32. Ke2 Kd5 33. Be3
Bc3 34. Rb7 Bf6 35. Kd3 h5 36. Rb5+ Ke6 37. Kc4 Kf7 38. Kb4 Ra8 39. Rb7 h4 40.
Bc5 h3 41. Ra7 Rb8+ 42. Kxa4 Rb1 43. g4 Ke6 44. Be3 Be5 45. Ra6+ Kf7 46. f4 Bd6
47. Rb6 Ra1 48. Rb3 Ra2 49. Bg1 Rg2 50. Rg3 Rxg3 51. hxg3 e5 52. Bh2 exf4 53.
gxf4 g5 54. Kb3 Bxf4 55. Bg1 Ke6 56. Kc4 h2 57. Bxh2 Bxh2 58. Kd4 Bd6 59. a4
Bc7 60. Ke4 Bb6 61. Kf3 Ke5 62. Kg3 Ke4 63. Kg2 Kf4 64. Kh3 Ba5 0-1

[Event "Shijiazhuang op 2nd"]
[Site "Shijiazhuang"]
[Date "2016.08.11"]
[Round "3"]
[White "Hou, Yifan B"]
[Black "Zhao, Shengxin"]
[Result "0-1"]
[WhiteElo "1646"]
[BlackElo "1996"]
[PlyCount "126"]
[EventDate "2016.08.09"]
[EventType "swiss"]
[EventRounds "9"]
[EventCountry "CHN"]
[SourceTitle "CBM 173 Extra"]
[Source "ChessBase"]
[SourceDate "2016.08.29"]
[SourceVersion "1"]
[SourceVersionDate "2016.08.29"]
[SourceQuality "1"]

1. d4 d5 2. Nf3 Nf6 3. g3 c5 4. c3 e6 5. Bg2 Nc6 6. O-O Bd6 7. Nbd2 O-O 8. dxc5
Bxc5 9. b4 Bd6 10. Bb2 e5 11. Nb3 e4 12. Nfd4 Ne5 13. Nd2 e3 14. fxe3 Nfg4 15.
Nc2 Qg5 16. Nf3 Qh6 17. h3 Nxe3 18. Nxe3 Qxe3+ 19. Kh2 Nc4 20. Qc2 Qe4 21. Rfc1
Nxb2 22. Qxb2 Qg6 23. Kh1 Qxg3 24. Rg1 Bf5 25. Bf1 Qf4 26. c4 f6 27. c5 Bc7 28.
Qd2 Qxd2 29. Nxd2 Be5 30. Rd1 a5 31. Bg2 Be6 32. b5 Bd4 33. Rgf1 Bxc5 34. Nb3
Bb6 35. Bxd5 Bxd5+ 36. Rxd5 Rad8 37. Rdf5 Rfe8 38. Re1 a4 39. Nc1 Ba5 40. Ref1
Bd2 41. R5f2 Bxc1 42. Rxc1 Rd5 43. Rc4 Rxb5 44. Rxa4 Rb2 45. Ra7 Rexe2 46. Rxe2
Rxe2 47. a4 Rb2 48. a5 h5 49. Ra8+ Kh7 50. Rb8 Ra2 51. Rxb7 Rxa5 52. Kg2 Kh6
53. Kg3 g5 54. Rb8 Ra3+ 55. Kg2 Kg6 56. Rg8+ Kf5 57. Rh8 Ra2+ 58. Kf3 h4 59.
Rb8 Rh2 60. Rb5+ Kg6 61. Kg4 Rg2+ 62. Kf3 Rg3+ 63. Kf2 Rxh3 0-1

[Event "Shijiazhuang op 2nd"]
[Site "Shijiazhuang"]
[Date "2016.08.14"]
[Round "6"]
[White "Mi, Gufeng"]
[Black "Hou, Yifan B"]
[Result "0-1"]
[WhiteElo "1505"]
[BlackElo "1646"]
[PlyCount "106"]
[EventDate "2016.08.09"]
[EventType "swiss"]
[EventRounds "9"]
[EventCountry "CHN"]
[SourceTitle "CBM 173 Extra"]
[Source "ChessBase"]
[SourceDate "2016.08.29"]
[SourceVersion "1"]
[SourceVersionDate "2016.08.29"]
[SourceQuality "1"]

1. Nf3 f5 2. d4 Nf6 3. g3 e6 4. Bg2 d5 5. O-O c6 6. c4 Bd6 7. cxd5 exd5 8. Nc3
O-O 9. Bg5 h6 10. Bxf6 Qxf6 11. e3 Nd7 12. a3 Nb6 13. a4 a5 14. Ne2 Be6 15. Nc1
Nd7 16. Nd3 Bf7 17. Qd2 Bh5 18. b4 axb4 19. Nxb4 Nb6 20. Nd3 Nc4 21. Qc3 Bxf3
22. Bxf3 Qe7 23. Bg2 Ra7 24. Nb2 Bb4 25. Qc1 Nd2 26. Rd1 Nb3 27. Qc2 Nxa1 28.
Rxa1 Bd6 29. Bh3 Qg5 30. Qb3 Qe7 31. Qb6 Ra6 32. Qb3 g6 33. Bf1 Ra5 34. Nd3
Rfa8 35. Be2 b5 36. Rc1 bxa4 37. Qb6 R5a6 38. Qb1 Rb8 39. Qa1 Qe8 40. Ne5 Rab6
41. Kg2 a3 42. Qc3 a2 43. Bd3 Rb3 44. Qa1 Bxe5 45. dxe5 Rxd3 46. Qxa2 Rdb3 47.
Qa6 R3b6 48. Qa2 Qxe5 49. h4 Qb2 50. Qxb2 Rxb2 51. Rxc6 R8b6 52. Rc8+ Kg7 53.
Rd8 Rd2 0-1